Представление документа в формате RUSMARC

ПолеНазваниеЗначение
  Тип записи a
  Библиографический уровень m
001 Контрольный номер RU/IS/BASE/301574386
005 Дата корректировки 20201206204423.5
010 Индекс ISBN __
a ISBN 5-469-01135-6
d Цена 54-90
100 Данные общей обработки __
a Данные общей обработки 19060125d2006 |||y0rusy0189 ca
101 Язык документа __
a Язык текста rus
c Язык оригинала rus
102 Страна публикации __
a Страна публикации RU
105 Кодированные данные (монография) __
a Кодированные данные (монография) a |||||||zy
200 Заглавие и сведения об ответственности 1_
a Заглавие Корпоративный праздник
e Сведения, относящиеся к заглавию [организация: шаг за шагом]
f Первые сведения об ответственности Сергей Волчук
b Общее обозначение материала Текст
210 Выходные данные __
a Место издания СПб. [и др.]
c Издательство Питер
d Дата издания 2006
215 Физическое описание __
a Объем 160 с.
c Иллюстрации/тип воспроизводства ил.
300 Общие примечания __
a Общие примечания Кн. фактически издана в 2005 г.
330 Аннотация __
a Аннотация Рассказывается какую выгоду и как можно получить от праздника, как избежать ненужных затрат. Пошаговое описание подготовки и проведения, авторские методики, примеры из практики.
606 Тематические рубрики __
a Основная рубрика Социология
606 Тематические рубрики __
a Основная рубрика Социология организаций
610 Ключевые слова __
a Ключевые слова корпоративная культура; вечера отдыха; корпоративные праздники; праздники
686 Индексы других классификаций __
a Классификационный индекс 60.55; ст60.5
700 Автор _1
a Фамилия Волчук
b Имя С.
g Полное личное имя Сергей
4 Код отношения 070
801 Источник записи _0
a Страна RU
b Организация Муниципальное бюджетное учреждение культуры "Централизованная библиотечная система" г. Сургут (Центральная городская библиотека им. А. С. Пушкина)
c Дата составления 20060125
g Правила каталогизации КиК/Елгина
801 Источник записи _1
a Страна RU
b Организация Муниципальное бюджетное учреждение культуры "Централизованная библиотечная система" г. Сургут (Центральная городская библиотека им. А. С. Пушкина)
c Дата составления 20060125
g Правила каталогизации КиК/Елгина
852 Данные о местонахождении __
j Шифр хранения 60.55
c Каталожный индекс 65.290-2
i Авторский знак В 68
901 Тип документа __
t Тип документа m
903 Характеристики (МАРС) __
a Дата передачи 20061004
990 Данные о заказе (DOS) __
j Количество экземпляров (DOS) 4
h N записи в КСУ для Б/У (DOS) 200610